Особенности проведения Столыпинской реформы в Томской губернии; Правовое регулирование проведения землеустройства, 25 октября 2011, Москва

Bibliographische Detailangaben
Parent link:Правовое регулирование проведения землеустройства, 25 октября 2011, Москва.— 2011.— [С. 228-233]
1. Verfasser: Пасько О. А. Ольга Анатольевна
Zusammenfassung:Заглавие с титульного листа
Режим доступа: по договору с организацией-держателем ресурса
Sprache:Russisch
Veröffentlicht: 2011
Schlagworte:
Online-Zugang:http://www.lawlibrary.ru/author.php?author=%CF%E0%F1%FC%EA%EE+%CE.%C0.
Format: MixedMaterials Elektronisch Buchkapitel
KOHA link:https://koha.lib.tpu.ru/cgi-bin/koha/opac-detail.pl?biblionumber=639951

MARC

LEADER 00000naa0a2200000 4500
001 639951
005 20250601152318.0
035 |a (RuTPU)RU\TPU\network\4481 
090 |a 639951 
100 |a 20150406d2011 k y0rusy50 ca 
101 0 |a rus 
102 |a RU 
135 |a drcn ---uucaa 
181 0 |a i  
182 0 |a b 
200 1 |a Особенности проведения Столыпинской реформы в Томской губернии  |f О. А. Пасько 
203 |a Текст  |c электронный 
300 |a Заглавие с титульного листа 
333 |a Режим доступа: по договору с организацией-держателем ресурса 
463 |t Правовое регулирование проведения землеустройства, 25 октября 2011, Москва  |o материалы международной научно-практической конференции, посвященной 100-летию закона "О землеустройстве"  |f Государственный университет по землеустройству  |v [С. 228-233]  |d 2011 
610 1 |a электронный ресурс 
610 1 |a труды учёных ТПУ 
700 1 |a Пасько  |b О. А.  |c биолог  |c профессор Томского политехнического университета, доктор сельскохозяйственных наук  |f 1957-  |g Ольга Анатольевна  |3 (RuTPU)RU\TPU\pers\29381 
801 2 |a RU  |b 63413507  |c 20160506  |g RCR 
850 |a 63413507 
856 4 |u http://www.lawlibrary.ru/author.php?author=%CF%E0%F1%FC%EA%EE+%CE.%C0. 
942 |c CF